Refaktorovanie softvérových systémov s multiagentovým prehľadávaním pracovného priestoru
Saved in:
| Main Author: | |
|---|---|
| Other Authors: | |
| Format: | Manuscript Book |
| Language: | Slovak |
| Published: |
2018
|
| Subjects: | |
| Online Access: | http://is.stuba.sk/zp/portal_zp.pl?podrobnosti=139804 |
| Tags: |
No Tags, Be the first to tag this record!
|
MARC
| LEADER | 00000ntm a22000003a 4500 | ||
|---|---|---|---|
| 001 | stuzp70471 | ||
| 003 | SK-STU | ||
| 005 | 20190403163240.3 | ||
| 007 | ta | ||
| 008 | 150427s2015----xo-----f-mn---000-0-slo-d | ||
| 040 | |a STU |b slo | ||
| 041 | 0 | |a slo | |
| 044 | |a xo | ||
| 100 | 1 | |a Haščič, Miroslav |u 070200 |k Z4 |4 aut |U FIIT Fakulta informatiky a informačných technológií |T FIIT Ústav informatiky, informačných systémov a softvérového inžinierstva |X 72103 |U I200 |Y 179 |7 72103 | |
| 242 | 0 | 1 | |a Refactoring software systems with multi agent search of working space |y eng |
| 245 | 1 | 0 | |a Refaktorovanie softvérových systémov s multiagentovým prehľadávaním pracovného priestoru |
| 260 | |c 2018 | ||
| 300 | |a 84 s., príl., |e CD-rom | ||
| 650 | 4 | |a refaktoring |2 slo | |
| 650 | 4 | |a rojová inteligencia |2 slo | |
| 650 | 4 | |a pachy kódu |2 slo | |
| 650 | 4 | |a refactoring |2 eng | |
| 650 | 4 | |a swarn inteligence |2 eng | |
| 650 | 4 | |a code smells |2 eng | |
| 700 | 1 | |a Polášek, Ivan |u 070200 |k Z1 |4 ths |U FIIT Fakulta informatiky a informačných technológií |T FIIT Ústav informatiky, informačných systémov a softvérového inžinierstva |X 1426 |U I200 |Y 179 |7 1426 | |
| 856 | 4 | |u http://is.stuba.sk/zp/portal_zp.pl?podrobnosti=139804 | |
| 996 | |b IZP20180215 |c I*DP61/18 |l II680 |s P |a 0 |w stuzp70471_0001 | ||